Comuni sul Lago di Lugano su una mappa - Statistics

Statistiche generali
  • Questo quiz è stato fatto 76 volte
  • Il punteggio medio è 9 su 25
Risposte nella Mappa
Le risposte nella mappa del quiz sottostante sono codificate secondo una scala di colori dal rosso al verde in base alla % di persone che hanno risposto correttamente.
 
Statistiche sulle risposte
Distretto / Provincia Residenti Comune % Corretto
Lugano 62'615 Lugano
97%
Como 2003 Campione d’Italia
81%
Mendrisio 14'870 Mendrisio
69%
Lugano 1806 Melide
55%
Como 4947 Porlezza
53%
Lugano 4303 Paradiso
48%
Lugano 4403 Agno
45%
Varese 6035 Lavena Ponte Tresa
45%
Varese 2941 Porto Ceresio
40%
Lugano 913 Bissone
31%
Mendrisio 2654 Riva San Vitale
31%
Lugano 431 Vico Morcote
31%
Lugano 4304 Caslano
29%
Lugano 715 Morcote
29%
Como 194 Valsolda
26%
Lugano 700 Maroggia
24%
Lugano 459 Brusino Arsizio
22%
Como 568 Claino con Osteno
22%
Lugano 1437 Melano
22%
Lugano 4615 Collina d’Oro
21%
Lugano 3165 Tresa
17%
Varese 1179 Brusimpiano
16%
Lugano 1627 Magliaso
14%
Lugano 810 Muzzano
12%
Lugano 1348 Pura
9%
Nessun quiz corrispondente trovato
Distribuzione punteggi
Percentuale di utenti per punteggio
Percentile per numero di risposta
I tuoi punteggi nel tempo
Non hai fatto questo quiz